Ants / (Record no. 7794)
[ view plain ]
| 000 -LEADER | |
|---|---|
| fixed length control field | 00901nam a22003017a 4500 |
| 001 - CONTROL NUMBER | |
| control field | 7794 |
| 003 - CONTROL NUMBER IDENTIFIER | |
| control field | FISKH |
| 005 - DATE AND TIME OF LATEST TRANSACTION | |
| control field | 20250828111011.0 |
| 008 - FIXED-LENGTH DATA ELEMENTS--GENERAL INFORMATION | |
| fixed length control field | 250807b cb ||||| |||| 00| 0 eng d |
| 020 ## - INTERNATIONAL STANDARD BOOK NUMBER | |
| International Standard Book Number | 9780545422000 |
| 040 ## - CATALOGING SOURCE | |
| Original cataloging agency | DNAL/DLC |
| Transcribing agency | DLC |
| Modifying agency | IG# |
| -- | BTCTA |
| -- | UKM |
| -- | OCP |
| -- | DLC |
| Language of cataloging | eng |
| 050 ## - LIBRARY OF CONGRESS CALL NUMBER | |
| Classification number | QL568.F7 S82 |
| 082 ## - DEWEY DECIMAL CLASSIFICATION NUMBER | |
| Classification number | 595.79 |
| 100 1# - MAIN ENTRY--PERSONAL NAME | |
| Personal name | Stewart, Melissa |
| 245 10 - TITLE STATEMENT | |
| Title | Ants / |
| Statement of responsibility, etc. | Melissa Stewart. |
| 250 ## - EDITION STATEMENT | |
| Edition statement | This edition first published in 2011 |
| 260 ## - PUBLICATION, DISTRIBUTION, ETC. | |
| Place of publication, distribution, etc. | Washington : |
| Name of publisher, distributor, etc. | Scholastic, |
| Date of publication, distribution, etc. | 2010 |
| 300 ## - PHYSICAL DESCRIPTION | |
| Extent | 32 pages : |
| Other physical details | color illustrations ; |
| Dimensions | 23 cm |
| 490 1# - SERIES STATEMENT | |
| Series statement | National Geographic readers. Level 1 |
| 505 ## - FORMATTED CONTENTS NOTE | |
| Formatted contents note | J<br/> |
| 520 ## - SUMMARY, ETC. | |
| Summary, etc. | Describes different types of ants and their behavior<br/> |
| 521 ## - TARGET AUDIENCE NOTE | |
| Target audience note | 470<br/> |
| Source | Lexile<br/> |
| 521 ## - TARGET AUDIENCE NOTE | |
| Target audience note | J<br/> |
| Source | Raz-Plus<br/> |
| 650 #0 - SUBJECT ADDED ENTRY--TOPICAL TERM | |
| Topical term or geographic name entry element | Ants |
| Form subdivision | Juvenile literature. |
| 650 #0 - SUBJECT ADDED ENTRY--TOPICAL TERM | |
| Topical term or geographic name entry element | Literature. |
| Form subdivision | National Geographic Kids |
| 942 ## - ADDED ENTRY ELEMENTS (KOHA) | |
| Source of classification or shelving scheme | Dewey Decimal Classification |
| Koha item type | Books |
| Suppress in OPAC | No |
| Withdrawn status | Lost status | Source of classification or shelving scheme | Damaged status | Not for loan | Collection | Home library | Current library | Shelving location | Date acquired | Total Checkouts | Full call number | Barcode | Date last seen | Copy number | Price effective from | Koha item type |
|---|---|---|---|---|---|---|---|---|---|---|---|---|---|---|---|---|
| Dewey Decimal Classification | Juvenile Fiction | Footprints International School Library Network Toul Tom Poung Campus | Footprints International School Library Network Toul Tom Poung Campus | TTP Primary Dark Blue Bookshelves | 08/07/2025 | STE 595.79 QL568.F7 S82 | FISBK05694 | 08/07/2025 | 1 | 08/07/2025 | Books | |||||
| Dewey Decimal Classification | Juvenile Fiction | Footprints International School Library Network Toul Tom Poung Campus | Footprints International School Library Network Toul Tom Poung Campus | TTP Primary Dark Blue Bookshelves | 08/28/2025 | STE 595.79 QL568.F7 S82 | FIS05109 | 08/28/2025 | 2 | 08/28/2025 | Books |
